000 00526cab a2200181 4500
001 X88308
008 090401t1997 xxu||||| |||| 00| 0 eng d
035 _a(Sirsi) u82694
041 _aeng
245 _aEpsom and Ewell BC v McCarthy & Stone (Developments) Ltd
260 _c1997
350 _a0
490 _aPlanning Appeal Decisions
_v[1997] 12 AD 592-587(6)
650 _aEPSOM AND EWELL BC V MCCARTHY & STONE (DEVELOPMENTS) LTD
690 _aPLANNING LAW AND PRACTICE-CASE LAW
942 _n0
948 _c16/12/1997
999 _c52225
_d52225